VIBHINTA (Record no. 19949)

MARC details
000 -LEADER
fixed length control field 00236nam a22001217a 4500
003 - CONTROL NUMBER IDENTIFIER
control field SGT
082 ## - DEWEY DECIMAL CLASSIFICATION NUMBER
Item number MAL
100 ## - MAIN ENTRY--PERSONAL NAME
Personal name MALHOTRA, RAJIV
245 ## - TITLE STATEMENT
Title VIBHINTA
260 ## - PUBLICATION, DISTRIBUTION, ETC. (IMPRINT)
Place of publication, distribution, etc INDIA
Name of publisher, distributor, etc SHIKSA PUB.
Year of Publication 2013
300 ## - PAGE DESCRIPTION
No. of Pages 466
942 ## - ADDED ENTRY ELEMENTS (KOHA)
Source of classification or shelving scheme Dewey Decimal Classification
Koha item type Books
Holdings
Withdrawn status Lost status Source of classification or shelving scheme Damaged status Not for loan Collection code Home library Current library Date acquired SGTU Bill Number Full call number Accession No. (Barcode) Date last seen Bill Date Koha item type
    Dewey Decimal Classification     EDUCATION SGT Engineering Library SGT Engineering Library 30/04/2020 SGTU 101 MAL ED4669 30/04/2020 30/04/2020 Books